000 00674nam a22002657a 4500
003 UA-OsUOA
001 31093
007 ta
008 20041201b un ||||| |||| 00| 0 ukr d
100 _aМартынов А. И.
090 _a902(075.8)
_bМ29
942 _cBK
040 _aUA-OsUOA
_brus
_cUA-OsUOA
_dUA-OsUOA
245 _aАрхеология
_bУчебник
300 _a439 с.
_bІлюстрації
955 _a0
041 _arus
080 _a902(075.8)
020 _a5-06-003681-2
260 _aМосква
_bВысшая школа
_c2000
044 _aRU
250 _n4-е изд., испр. и доп.
650 7 _2UDC
999 _c317514
_d317514